• 首页
  • 本馆介绍
  • 公告通知
  • 最新文献
  • 馆藏检索
  • 电子资源
  • 读者导购
  • 参考咨询
  • 我的图书馆
  • 登录
  • 详细信息显示
  • 放入我的书架
  • 预约/预借图书
  • 作者相关作品
  • 分类相关作品
  • 丛书相关作品
  • 出版社相关作品

书目信息

  • 表格格式
  • 工作单格式
  • 卡片格式
题名:
Java程序设计
    
 
作者: 甘霞 主编
分册:  
出版信息: 北京   中国水利水电出版社  2018
页数: 265页
开本: 26cm
丛书名: 普通高等教育“十三五”精品规划教材
单 册:
中图分类: TP312JA-43
科图分类:
主题词: JAVA语言--java yu yan--程序设计--高等学校--教材
电子资源:
ISBN: 978-7-5170-6726-9
000 01489nam 2200277 450
001 012001000956
005 20131107093606.0
010    @a978-7-5170-6726-9@dCNY38.00
099    @aCAL 012018135195
100    @a20181029d2018 em y0chiy50 ea
101 0  @achi
102    @aCN@b110000
105    @aak a 000yy
106    @ar
200 1  @aJava程序设计@AJava Cheng Xu She Ji@f主编甘霞
210    @a北京@c中国水利水电出版社@d2018
215    @a265页@c图@d26cm
225 2  @a普通高等教育“十三五”精品规划教材@APu Tong Gao Deng Jiao Yu“Shi San Wu”Jing Pin Gui Hua Jiao Cai@i计算机网络技术系列
320    @a有书目
330    @a本书全面系统地介绍了Java语言的特点及应用技术,内容上以Java的基础程序设计、面向对象程序设计和事件处理为三大主线,利用浅显易懂的语言、简单丰富的实例,完整地介绍了Java面向对象程序设计的要点和难点。全书共14章,内容包括Java程序设计的基础、类与对象、键盘输入与流程控制、数组、类的方法继承性和多态性、异常处理、文件处理、多线程、图形界面设计、小程序设计、数据库程序设计和网络编程。本书在章节编排与内容上注意教材的体系,其特点是结构合理、概念清晰,语言简练。在结构上特别注重前后内容的连贯性,力求抓住关键、突出重点、分解难点,体现“理论性、实用性、技术性”三者相结合的编写特色。
410  0 @12001 @a普通高等教育“十三五”精品规划教材@i计算机网络技术系列
606 0  @aJAVA语言@Ajava yu yan@x程序设计@x高等学校@j教材
690    @aTP312JA-43@v5
701  0 @a甘霞@AGan Xia@4主编
801  0 @aCN@b北京卓展文化@c20191020
905    @b1197245-8@dTP312JA-43@e1443@f4
    
    Java程序设计/主编甘霞.-北京:中国水利水电出版社,2018
    265页:图;26cm.-(普通高等教育“十三五”精品规划教材.计算机网络技术系列)
    
    
    ISBN 978-7-5170-6726-9:CNY38.00
    本书全面系统地介绍了Java语言的特点及应用技术,内容上以Java的基础程序设计、面向对象程序设计和事件处理为三大主线,利用浅显易懂的语言、简单丰富的实例,完整地介绍了Java面向对象程序设计的要点和难点。全书共14章,内容包括Java程序设计的基础、类与对象、键盘输入与流程控制、数组、类的方法继承性和多态性、异常处理、文件处理、多线程、图形界面设计、小程序设计、数据库程序设计和网络编程。本书在章节编排与内容上注意教材的体系,其特点是结构合理、概念清晰,语言简练。在结构上特别注重前后内容的连贯性,力求抓住关键、突出重点、分解难点,体现“理论性、实用性、技术性”三者相结合的编写特色。
●
相关链接 在E读中查询图书 在五车中查询图书 在当当中查询图书 在豆瓣中查询图书


正题名:Java程序设计     索取号:TP312JA-43/1443         预约/预借

序号 登录号 条形码 馆藏地/架位号 状态 备注
1 1197245   211972454   第二样本阅览室/ [索取号:TP312JA-43/1443] 在馆    
2 1197246   211972463   第三借阅区/ [索取号:TP312JA-43/1443] 在馆    
3 1197247   211972472   第三借阅区/ [索取号:TP312JA-43/1443] 在馆    
4 1197248   211972481   第三借阅区/ [索取号:TP312JA-43/1443] 在馆    
唐山师范学院图书馆 欢迎您!
大连网信软件有限公司© 版权所有